1120 1971 1173 1311 1384 1718 1258 1657 1605 1805 1645 1621 1172 1891 1247 1234 1952 1915 1071 1451 1394 1004 1087 1167 1192 1596 1787 1458 1576 1739 1360 1190 1177 1437 1331 1704 1056 1379 1370 1836 1517 1400 1649 1263 1207 1047 1975 1879 1343 1401 1203 1401 1814 1404 1325 1747 1671 1147 1004 1544 1413 1778 1830 1540 1972 1848 1045 1435 1028 1042 1078 1197 1936 1068 1755 1150 1205 1556 1585 1208 1036 1732 1305 1942 1005 1688 1773 1833 1228 1648 1514 1151 1728 1755 1803 1870 1018 1922 1768 BCNSPRNW ULIB Ver.6.0+V

เปลี่ยนเป็นภาษาไทย

Change to English
 แสดงรายละเอียดบรรณานุกรม
  กลับหน้าหลัก

Brief Record : Get Marc (ISO 2709) : E-mail record : QR code < ปิดหน้าต่าง
LEADER : 00000nam 2200000uu 4500
001    13399120882
003     ULIB
008    121022s2552||||th 000 0 tha d
020    ^a9789740204671
050 04 ^aDS555.382^bส116ส 2552
100 0  ^aสุมิตรา จันทร์เงา
245 10 ^aฮักแพง...เมืองลาว /^cสุมิตรา จันทร์เงา
250    ^aพิมพ์ครั้งที่ 1
260    ^aกรุงเทพฯ :^bมติชน,^c2552
300    ^a227 หน้า :^bภาพประกอบ
651  7 ^aลาว^xภูมิประเทศและการท่องเที่ยว
651  7 ^aลาว^xความเป็นอยู่และประเพณี
945    ^p0^l0^i17795
995    ^aกัณชพร
999 ^a ใช้งานได้ทุกระบบ
รายการนี้ยังไม่มีแท็ก
คุณยังไม่ได้ล็อกอิน คุณสามารถมีกิจกรรมร่วมกับเว็บไซต์ได้ แต่ต้องล็อกอินก่อน ::
  ล็อกอิน

รายการสื่อสารสนเทศ

ลำดับที่ ประเภท เลขเรียก/บาร์โค้ด สถานที่ สถานะ
1. วิทยาศาสตร์การแพทย์ และสุขภาพ
วิทยาศาสตร์การแพทย์ และสุขภาพ
DS555.382 ส116ส 2552  
  Barcode: 17795
ห้องสมุดวิทยาเขตสวรรค์ประชารักษ์
►หนังสือทั่วไป
บนชั้น

รายการใกล้เคียง
    ผู้แต่ง [สุมิตรา จันทร์เงา]

BibComment


ยังไม่เคยถูกคอมเมนท์

คอมเมนท์ทรัพยากรรายการนี้
  คอมเมนท์: ฮักแพงเมืองลาว ..


 Copyright 2026. Bcnsprnw @Library